| 000 | 00944cam a2200217 4500 | ||
|---|---|---|---|
| 001 | ABS61284 | ||
| 008 | 000000n1999 000 0 eng u | ||
| 035 | _a(Sirsi) u101911 | ||
| 100 | _aLevy, D. | ||
| 245 | 4 | _aThe influence of clients on valuations. | |
| 260 | _c1999 | ||
| 490 |
_aJournal of Property Investment and Finance _v17(4) 1999, 380-400(11) |
||
| 520 | _aReports on a study consisting of a series of interviews with senior New Zealand Registered Valuers about the factors which affect the reported values to clients other than valuation methodology. The primary factors are: the type of client, the characteristics of valuers and valuation firms, the purpose of a valuation and the ease of access to information of the clients and valuers. | ||
| 650 | _aBIAS | ||
| 650 | _aCLIENTS | ||
| 650 | _aINFORMATION ACCESS | ||
| 650 | _aACADEMIC RESEARCH | ||
| 690 | _aRATING AND VALUATION | ||
| 700 | _aSchuck, E. | ||
| 942 | _n0 | ||
| 999 |
_c61009 _d61009 |
||